书目信息 |
| 题名: |
综合治理社会治安工作
|
|
| 作者: | 谢安山等 | |
| 分册: | ||
| 出版信息: | 长春 吉林人民出版社 1986.07 |
|
| 页数: | 845页 | |
| 开本: | 19cm | |
| 丛书名: | ||
| 单 册: | ||
| 中图分类: | D631.4 | |
| 科图分类: | ||
| 主题词: | 治安管理--工作--中国 | |
| 电子资源: | ||
| ISBN: | ||
| 000 | 00571nam0 2200205 45 | |
| 001 | 0404221690 | |
| 005 | 20050620141941.3 | |
| 010 | @dCNY4.60 | |
| 091 | @a6091.42 | |
| 100 | @a20040422d1986 km y0chiy0120 ea | |
| 101 | 0 | @achi |
| 105 | @a z 000yy | |
| 200 | 1 | @a综合治理社会治安工作@AZong He Zhi Li She Hui Zhi An Gong Zuo@f谢安山等@FXie An Shan Deng |
| 210 | @a长春@c吉林人民出版社@d1986.07 | |
| 215 | @a845页@d19cm | |
| 606 | 0 | @a治安管理@x工作@x中国 |
| 690 | @aD631.4@v3 | |
| 701 | 0 | @a谢安山等 |
| 801 | @aCN@bPftUser@c20040422 | |
| 905 | @dD631.4@e6@f1@b162285 | |
| 综合治理社会治安工作/谢安山等.-长春:吉林人民出版社,1986.07 |
| 845页;19cm |
| ISBN :CNY4.60 |
| ● |
| 相关链接 |
|
|
|
|
正题名:综合治理社会治安工作
索取号:D631.4/6
 
预约/预借
| 序号 | 登录号 | 条形码 | 馆藏地/架位号 | 状态 | 备注 |
| 1 | 0162284 | 000374712 | 密集书库/ [索取号:D631.4/6] | 在馆 | |
| 2 | 0162285 | 001692029 | 第一样本阅览室/ [索取号:D631.4/6] | 在馆 |